Entry Personal Name
Number of records used in: 1
001 - CONTROL NUMBER
003 - CONTROL NUMBER IDENTIFIER
005 - DATE AND TIME OF LATEST TRANSACTION
- control field:
20170409143749.0
008 - FIXED-LENGTH DATA ELEMENTS
- fixed length control field:
170409|| aca||aabn | a|a d
040 ## - CATALOGING SOURCE
- Original cataloging agency:
OSt
- Transcribing agency:
OSt
100 ## - HEADING--PERSONAL NAME
- Personal name:
ARYA, PREM SINGH
670 ## - SOURCE DATA FOUND
- Source citation:
Work cat.: (OSt): ARYA, PREM SINGH, SPICE CROPS OF INDIA, 2007